[Event "LLHH 2122 SC Königsspringer II - Hambu"]
[Site "?"]
[Date "2022.04.03"]
[Round "8.4"]
[White "Streich, Justus"]
[Black "Meier, David Geffrey"]
[Result "1/2-1/2"]
[WhiteElo "1942"]
[BlackElo "2083"]
[PlyCount "107"]
[EventDate "2022.??.??"]

1. e4 e5 2. Nf3 f5 3. Nxe5 Qf6 4. d4 d6 5. Nc4 fxe4 6. Nc3 Qf7 7. d5 Nf6 8. Bg5
Bf5 9. Ne3 Bg6 10. Qd4 Nbd7 11. Bb5 Be7 12. O-O-O a6 13. Bxd7+ Kxd7 14. Qc4
Rhe8 15. Kb1 h6 16. Bxf6 Bxf6 17. h4 Re7 18. Qa4+ Kd8 19. Qb4 Rb8 20. Ne2 Be5
21. Rdf1 Qe8 22. Nd4 Bxd4 23. Qxd4 Rf7 24. h5 Bh7 25. Nd1 Qe7 26. Nc3 Kd7 27.
Re1 Qf6 28. Qxf6 Rxf6 29. Nxe4 Bxe4 30. Rxe4 Rxf2 31. Rhe1 Rf7 32. Kc1 Rbf8 33.
g4 b5 34. Kd2 Rf2+ 35. R1e2 Rxe2+ 36. Kxe2 Rf7 37. Ke3 Rf1 38. Rf4 Re1+ 39. Kd2
Re7 40. Kd3 c6 41. dxc6+ Kxc6 42. a4 Re5 43. axb5+ axb5 44. b3 Kd5 45. c4+
bxc4+ 46. Rxc4 Re7 47. Rd4+ Kc6 48. Kc4 Re5 49. Rf4 Rc5+ 50. Kd3 Rd5+ 51. Rd4
Rg5 52. Rf4 Rd5+ 53. Rd4 Rg5 54. Rf4 1/2-1/2

[Event "LLHH 2122 SC Königsspringer II - Hambu"]
[Site "?"]
[Date "2022.04.03"]
[Round "8.5"]
[White "Baberz, Alexander"]
[Black "Goetz, Claus"]
[Result "1/2-1/2"]
[WhiteElo "1970"]
[BlackElo "1916"]
[PlyCount "112"]
[EventDate "2022.??.??"]

1. d4 Nf6 2. Bf4 c5 3. c3 d5 4. dxc5 e6 5. b4 a5 6. e3 axb4 7. cxb4 Nc6 8. Bb5
Bd7 9. Bxc6 Bxc6 10. Nd2 Be7 11. Qe2 d4 12. Ngf3 d3 13. Qd1 Nd5 14. Qb3 Nxf4
15. exf4 Bf6 16. Rc1 Ba4 17. Qc4 Bc2 18. O-O O-O 19. Ne5 Bxe5 20. fxe5 Qc7 21.
f4 b6 22. c6 b5 23. Qxb5 Rxa2 24. Qc5 Ba4 25. Qc3 Rc2 26. Qxd3 Rd8 27. Qxc2
Bxc2 28. Rxc2 Qb6+ 29. Kh1 Qxb4 30. c7 Rc8 31. h3 Kf8 32. Rb1 Qa4 33. Rc3 Ke7
34. g3 Qd7 35. Nf3 Rxc7 36. Rxc7 Qxc7 37. Rf1 f6 38. Kg2 Qb7 39. Re1 h6 40. h4
f5 41. Rd1 g5 42. hxg5 hxg5 43. fxg5 Kf7 44. Kf2 Kg6 45. Kg2 Qe4 46. Kf2 Qc2+
47. Rd2 Qc5+ 48. Rd4 Qc2+ 49. Rd2 Qb1 50. Kg2 Kh5 51. Rd4 Qc2+ 52. Rd2 Qc4 53.
Kf2 f4 54. gxf4 Kg4 55. f5 Kxf5 56. Rd4 Qc2+ 1/2-1/2

[Event "LLHH 2122 SC Königsspringer II - Hambu"]
[Site "?"]
[Date "2022.04.03"]
[Round "8.6"]
[White "Knops, Peter"]
[Black "Luedke, Joshua"]
[Result "1-0"]
[WhiteElo "1958"]
[BlackElo "2044"]
[PlyCount "71"]
[EventDate "2022.??.??"]

1. e4 e6 2. d3 d5 3. Nd2 c5 4. Ngf3 Nf6 5. g3 Be7 6. Bg2 O-O 7. O-O Nc6 8. Re1
Qc7 9. Qe2 b5 10. e5 Nd7 11. Nf1 a5 12. h4 a4 13. Bf4 a3 14. b3 c4 15. N1h2 Bb4
16. Ng5 g6 17. dxc4 bxc4 18. Ng4 Nd4 19. Nh6+ Kg7 20. Qg4 Bxe1 21. Rxe1 cxb3
22. cxb3 Qc2 23. Be3 Nf5 24. Nxf5+ Qxf5 25. Qe2 Ba6 26. Qd2 Qd3 27. Qb4 h6 28.
Nf3 Qc2 29. Qxa3 Bf1 30. Qe7 Bxg2 31. Kxg2 Nb8 32. Bxh6+ Kxh6 33. Qxf8+ Kh5 34.
Qh8+ Kg4 35. Nh2+ Kf5 36. Qf6# 1-0

[Event "LLHH 2122 SC Königsspringer II - Hambu"]
[Site "?"]
[Date "2022.04.03"]
[Round "8.7"]
[White "Salenko, Vadim"]
[Black "Melde, Christian"]
[Result "1-0"]
[WhiteElo "2001"]
[BlackElo "1990"]
[PlyCount "63"]
[EventDate "2022.??.??"]

1. d4 Nf6 2. e3 d5 3. Bd3 c5 4. c3 Nc6 5. f4 e6 6. Nf3 Bd6 7. Ne5 O-O 8. Nd2
Qc7 9. O-O b6 10. Rf3 Bb7 11. Rh3 g6 12. g4 Ne7 13. Ndf3 Ne4 14. Bxe4 dxe4 15.
Ng5 cxd4 16. cxd4 Bd5 17. Nxh7 f6 18. Nxf8 Rxf8 19. Qe1 fxe5 20. fxe5 Bxe5 21.
dxe5 Bc4 22. Qh4 Kf7 23. Bd2 a5 24. Bc3 Ke8 25. Bd4 Ba6 26. Qg3 Qc4 27. Qg2 Nc6
28. Rd1 Nxd4 29. exd4 Qe2 30. Qxe2 Bxe2 31. Rc1 Rf4 32. Rc7 1-0

[Event "LLHH 2122 SC Königsspringer II - TV Fi"]
[Site "?"]
[Date "2022.05.07"]
[Round "7.2"]
[White "Cremer, Jochen"]
[Black "de Voogt, Juergen"]
[Result "0-1"]
[WhiteElo "2101"]
[BlackElo "2239"]
[PlyCount "108"]
[EventDate "2022.??.??"]

1. c4 f5 2. g3 Nf6 3. Bg2 g6 4. Nc3 Bg7 5. d3 Nc6 6. e4 d6 7. Nge2 O-O 8. O-O
e5 9. Nd5 h6 10. h3 Be6 11. f4 Qd7 12. Kh2 Rae8 13. Qb3 Nd8 14. Bd2 c6 15.
Nxf6+ Rxf6 16. Qc2 c5 17. Rae1 Nc6 18. b3 Kh7 19. Bc3 Rf7 20. h4 fxe4 21. dxe4
Bg4 22. Qd3 Bxe2 23. Rxe2 exf4 24. Bh3 Qe7 25. Bxg7 Kxg7 26. Rxf4 Rxf4 27. gxf4
Nd4 28. Rg2 Qxe4 29. Qxe4 Rxe4 30. h5 g5 31. fxg5 Nf3+ 32. Kg3 Nxg5 33. Bc8 b6
34. Bb7 Re3+ 35. Kf4 Re1 36. Rd2 Ne6+ 37. Kg4 Nd4 38. Bd5 Rg1+ 39. Kf4 Rg5 40.
Rh2 Kf6 41. Rh1 Ne2+ 42. Ke3 Nc3 43. Bf3 Nxa2 44. Rd1 Ke6 45. Ra1 Nb4 46. Rxa7
Nc2+ 47. Kf4 Rf5+ 48. Ke4 Rf7 49. Ra8 Nd4 50. Bg4+ Kf6 51. Kd5 Rg7 52. Rf8+ Ke7
53. Rf4 Rg5+ 54. Ke4 Nxb3 0-1

[Event "LLHH 2122 SC Königsspringer II - TV Fi"]
[Site "?"]
[Date "2022.05.07"]
[Round "7.3"]
[White "Kneip, Jakob"]
[Black "Moehrmann, Marcus"]
[Result "1-0"]
[WhiteElo "2103"]
[BlackElo "2038"]
[PlyCount "65"]
[EventDate "2022.??.??"]

1. e4 e5 2. Nf3 Nc6 3. Bc4 Nf6 4. d4 exd4 5. e5 d5 6. Bb5 Ne4 7. Nxd4 Bc5 8.
O-O O-O 9. Bxc6 bxc6 10. f3 Ba6 11. Re1 Nf2 12. Kxf2 Qh4+ 13. g3 Qxh2+ 14. Ke3
Qxg3 15. c3 Qxe5+ 16. Kd2 Qh2+ 17. Re2 Bxe2 18. Qxe2 Qg1 19. Qe3 Qg6 20. Qd3 f5
21. Kc2 Bb6 22. Bf4 c5 23. Ne2 Rad8 24. c4 dxc4 25. Qxc4+ Kh8 26. Nbc3 Qc6 27.
Be5 Qxf3 28. Rg1 Rd7 29. Nf4 Re8 30. Rxg7 Rxg7 31. Qf7 Rxe5 32. Qf8+ Rg8 33.
Ng6+ 1-0

[Event "LLHH 2122 SC Königsspringer II - TV Fi"]
[Site "?"]
[Date "2022.05.07"]
[Round "7.4"]
[White "Schroeter, Baldur"]
[Black "Brandt, Carina"]
[Result "0-1"]
[WhiteElo "2020"]
[BlackElo "2066"]
[PlyCount "58"]
[EventDate "2022.??.??"]

1. e4 c5 2. c3 e6 3. d4 d5 4. Nd2 Nc6 5. Ngf3 Nf6 6. Bd3 cxd4 7. cxd4 Bb4 8. e5
Nd7 9. O-O g5 10. Nb3 g4 11. Ng5 h5 12. Nxe6 fxe6 13. Bg6+ Kf8 14. f3 g3 15.
hxg3 Kg7 16. Bc2 Nf8 17. a3 Be7 18. f4 Qe8 19. g4 hxg4 20. Qxg4+ Ng6 21. Be3
Bd8 22. g3 b6 23. Kg2 Nce7 24. Rh1 Nf5 25. Bf2 a5 26. Rxh8 Qxh8 27. Rh1 Qg8 28.
Rh5 Kf8 29. Qf3 Ngh4+ 0-1

[Event "LLHH 2122 SC Königsspringer II - TV Fi"]
[Site "?"]
[Date "2022.05.07"]
[Round "7.5"]
[White "Schermer, Denis"]
[Black "Streich, Justus"]
[Result "1/2-1/2"]
[WhiteElo "1996"]
[BlackElo "1942"]
[PlyCount "79"]
[EventDate "2022.??.??"]

1. d4 Nf6 2. c4 e6 3. Nf3 d5 4. g3 Be7 5. Bg2 O-O 6. O-O dxc4 7. Qc2 a6 8. Qxc4
b5 9. Qc2 Bb7 10. Bd2 Be4 11. Qc1 c6 12. Rd1 h6 13. Be1 Nbd7 14. Nbd2 Bd5 15.
Nb3 a5 16. Qe3 Qb6 17. Rdc1 Ne4 18. Nfd2 Nd6 19. Nc5 Nf6 20. f3 Nc4 21. Nxc4
bxc4 22. Qc3 e5 23. Bf2 exd4 24. Qxd4 Rad8 25. Ne6 c5 26. Nxc5 Bxf3 27. Qxc4
Bxg2 28. Kxg2 Qxb2 29. Rab1 Qd2 30. Rb7 Rfe8 31. Rc2 Qd5+ 32. Qxd5 Rxd5 33. Nd3
Bd6 34. Kf3 Rf5+ 35. Kg2 Ng4 36. Rd2 a4 37. h3 Nxf2 38. Nxf2 Bf8 39. e4 Rf6 40.
Re2 1/2-1/2

[Event "LLHH 2122 SC Königsspringer II - TV Fi"]
[Site "?"]
[Date "2022.05.07"]
[Round "7.6"]
[White "Goetz, Claus"]
[Black "Peters, Thomas"]
[Result "0-1"]
[WhiteElo "1916"]
[BlackElo "1832"]
[PlyCount "60"]
[EventDate "2022.??.??"]

1. e4 d5 2. exd5 Qxd5 3. Nc3 Qd6 4. Bc4 Nf6 5. d3 a6 6. Nge2 e5 7. Bg5 b5 8.
Bxf6 bxc4 9. Ne4 Qe6 10. Bh4 Qg4 11. Bg3 f5 12. f3 Qg6 13. dxc4 fxe4 14. Qd5
Ra7 15. O-O-O Be7 16. Bxe5 Be6 17. Qd4 c5 18. Qc3 O-O 19. Nf4 Bg5 20. g3 exf3
21. Kb1 Bxf4 22. gxf4 Qe4 23. Rhg1 g6 24. b3 Rd7 25. Rd6 f2 26. Rc1 Bf5 27.
Rxd7 Nxd7 28. Bd6 Re8 29. Qd2 Qd4 30. Qa5 Qxd6 0-1

[Event "LLHH 2122 SC Königsspringer II - TV Fi"]
[Site "?"]
[Date "2022.05.07"]
[Round "7.7"]
[White "Rolf, Marco"]
[Black "Melde, Christian"]
[Result "1/2-1/2"]
[WhiteElo "2059"]
[BlackElo "1990"]
[PlyCount "72"]
[EventDate "2022.??.??"]

1. d4 d5 2. c4 e6 3. Nc3 c5 4. cxd5 exd5 5. Nf3 Nc6 6. g3 Nf6 7. Bg2 Be7 8. O-O
O-O 9. Bg5 Bg4 10. dxc5 d4 11. Bxf6 Bxf6 12. Ne4 Re8 13. Nd6 Re7 14. h3 Be6 15.
Nd2 Qd7 16. Kh2 Rb8 17. Rc1 d3 18. exd3 Bxb2 19. Rb1 Bd4 20. Qa4 Bxc5 21. Nxb7
Rxb7 22. Bxc6 Rxb1 23. Bxd7 Rxf1 24. Nxf1 Bxd7 25. Qc2 Bb6 26. a4 g6 27. a5 Bd4
28. a6 Be6 29. Ne3 h5 30. Qc6 Rd7 31. Qe4 Bb6 32. f4 Rd4 33. Qa8+ Rd8 34. Qe4
Rd4 35. Qa8+ Rd8 36. Qe4 Rd4 1/2-1/2

[Event "LLHH 2122 Hamburger SK IV - SK Marmstor"]
[Site "?"]
[Date "2022.05.07"]
[Round "7.1"]
[White "Hawellek, Jeronimo"]
[Black "Frackowiak, Oliver"]
[Result "1-0"]
[WhiteElo "2253"]
[BlackElo "2162"]
[PlyCount "57"]
[EventDate "2022.??.??"]

1. d4 d5 2. c4 e6 3. Nc3 Bb4 4. e3 Nf6 5. cxd5 exd5 6. Bd3 O-O 7. Nge2 c5 8. a3
cxd4 9. axb4 dxc3 10. bxc3 Nc6 11. b5 Ne5 12. Ba3 Re8 13. Bc5 a5 14. bxa6 Nxd3+
15. Qxd3 bxa6 16. O-O Ne4 17. Bd4 a5 18. Rfb1 Bf5 19. Qd1 Re6 20. Rb5 Rh6 21.
Be5 Qh4 22. Qe1 f6 23. Rb8+ Rxb8 24. Bxb8 Ng5 25. Nd4 Bh3 26. Bg3 Qe4 27. f3
Qd3 28. gxh3 Nxh3+ 29. Kg2 1-0

[Event "LLHH 2122 Hamburger SK IV - SK Marmstor"]
[Site "?"]
[Date "2022.05.07"]
[Round "7.2"]
[White "Groetzbach, Daniel"]
[Black "Ramme, Christoph"]
[Result "1-0"]
[WhiteElo "2109"]
[BlackElo "2151"]
[PlyCount "75"]
[EventDate "2022.??.??"]

1. e4 c5 2. Ne2 Nc6 3. Nbc3 Nf6 4. d4 cxd4 5. Nxd4 e5 6. Ndb5 d6 7. Bg5 a6 8.
Na3 b5 9. Nd5 Be7 10. Bxf6 Bxf6 11. c3 Rb8 12. Nc2 Bg5 13. a4 bxa4 14. Ncb4
Nxb4 15. Nxb4 Bb7 16. Qxa4+ Qd7 17. f3 Qxa4 18. Rxa4 O-O 19. Bxa6 f5 20. Bxb7
Rxb7 21. Ke2 fxe4 22. fxe4 h5 23. Rha1 Kh7 24. Nd3 Rd8 25. Ra7 Rbb8 26. R1a5
Rdc8 27. Ra4 Rd8 28. Rb4 d5 29. Rxb8 Rxb8 30. exd5 e4 31. Nb4 Bc1 32. d6 Rb6
33. d7 Rd6 34. h4 Rd2+ 35. Ke1 Rd6 36. Nc6 Bxb2 37. d8=Q Bxc3+ 38. Ke2 1-0

[Event "LLHH 2122 Hamburger SK IV - SK Marmstor"]
[Site "?"]
[Date "2022.05.07"]
[Round "7.3"]
[White "Diekmann, Jens"]
[Black "Meier, David Geffrey"]
[Result "1/2-1/2"]
[WhiteElo "2061"]
[BlackElo "2083"]
[PlyCount "55"]
[EventDate "2022.??.??"]

1. c4 c6 2. Nf3 d5 3. b3 f6 4. e3 Nh6 5. d4 Nf7 6. Bb2 g6 7. Nc3 Bg7 8. Be2 O-O
9. O-O Bf5 10. Ne1 Na6 11. f3 Nc7 12. e4 Be6 13. Nc2 Bh6 14. Bc1 Bg7 15. Bf4
Nd6 16. Ne3 dxe4 17. fxe4 Bf7 18. Bg3 e5 19. d5 Na6 20. Qe1 Nc5 21. Bf3 a5 22.
Rd1 Qe7 23. Qf2 Rac8 24. Qc2 Be8 25. Bg4 Rd8 26. a3 Na6 27. Na4 c5 28. Nc3
1/2-1/2

[Event "LLHH 2122 Hamburger SK IV - SK Marmstor"]
[Site "?"]
[Date "2022.05.07"]
[Round "7.4"]
[White "Posske, Thore"]
[Black "Mueller, Tobias"]
[Result "0-1"]
[WhiteElo "2013"]
[BlackElo "2103"]
[PlyCount "96"]
[EventDate "2022.??.??"]

1. d4 Nf6 2. c4 g6 3. Nc3 Bg7 4. e4 d6 5. Nf3 O-O 6. Be2 e5 7. O-O Nc6 8. d5
Ne7 9. b4 Ne8 10. c5 f5 11. cxd6 Nxd6 12. exf5 gxf5 13. Bb2 e4 14. Nd4 f4 15.
Bg4 Nef5 16. Nxf5 Bxf5 17. Bxf5 Rxf5 18. Qg4 Qg5 19. Qxg5 Rxg5 20. Rac1 Re8 21.
Na4 Re7 22. Rfd1 Bxb2 23. Nxb2 Reg7 24. g3 e3 25. fxe3 fxg3 26. h3 Ne4 27. Rd4
Nf2 28. h4 Rf5 29. Kg2 Ng4 30. Nd1 Nf6 31. d6 c6 32. Rc5 Nd5 33. Rdxd5 Rxd5 34.
Rxd5 cxd5 35. Nc3 Rd7 36. Nxd5 Rxd6 37. e4 Ra6 38. Kxg3 Kf7 39. Kf4 Rxa2 40.
Ke5 Rh2 41. Kd6 Rxh4 42. Nc3 Rh6+ 43. Kd7 Re6 44. b5 h5 45. Kc7 Re7+ 46. Kd6 h4
47. e5 h3 48. Ne4 h2 0-1

[Event "LLHH 2122 Hamburger SK IV - SK Marmstor"]
[Site "?"]
[Date "2022.05.07"]
[Round "7.5"]
[White "Koenig, Friedrich Theodor"]
[Black "Atri, Jamshid"]
[Result "1-0"]
[WhiteElo "1891"]
[BlackElo "1984"]
[PlyCount "72"]
[EventDate "2022.??.??"]

1. d4 Nf6 2. Bf4 e6 3. e3 b6 4. Nd2 Bb7 5. h3 Bd6 6. Bxd6 cxd6 7. Ngf3 O-O 8.
Bd3 d5 9. Qe2 Ne4 10. O-O f5 11. c4 dxc4 12. Nxc4 d6 13. a4 Nd7 14. Nfd2 Ndf6
15. Bxe4 fxe4 16. b4 Bd5 17. Rfc1 Qd7 18. b5 Rf7 19. Qd1 Raf8 20. Qb3 Ne8 21.
Rf1 Qe7 22. Ra2 Qh4 23. Nb1 Rf6 24. Nba3 Rg6 25. Kh2 e5 26. Qc2 Be6 27. Rh1 Rf3
28. Kg1 Bxh3 29. Rh2 Qg4 30. Nxe5 dxe5 31. Qc4+ Qe6 32. d5 Qg4 33. d6+ Kh8 34.
Qc6 Nxd6 35. Rd2 Bxg2 36. Qa8+ Qc8 1-0

[Event "LLHH 2122 Hamburger SK IV - SK Marmstor"]
[Site "?"]
[Date "2022.05.07"]
[Round "7.6"]
[White "Weidmann, Kevin"]
[Black "Peschke, Matthias"]
[Result "1/2-1/2"]
[WhiteElo "1947"]
[BlackElo "2008"]
[PlyCount "59"]
[EventDate "2022.??.??"]

1. e4 Nf6 2. Nc3 d5 3. e5 Nfd7 4. d4 c5 5. f4 Nc6 6. Nf3 e6 7. Be3 Be7 8. Bd3
Qb6 9. dxc5 Bxc5 10. Bxc5 Nxc5 11. Nb5 Ne4 12. Qe2 a6 13. Bxe4 axb5 14. Bd3 b4
15. Ng5 h6 16. Qh5 Nd8 17. Rf1 Rf8 18. Nh7 Qe3+ 19. Kd1 b3 20. a3 bxc2+ 21.
Bxc2 Bd7 22. Nxf8 Bb5 23. Re1 Qd4+ 24. Kc1 Rc8 25. Kb1 Rxc2 26. Kxc2 Qd3+ 27.
Kc1 Qc4+ 28. Kb1 Qd3+ 29. Kc1 Qc4+ 30. Kb1 1/2-1/2

[Event "LLHH 2122 Hamburger SK IV - SK Marmstor"]
[Site "?"]
[Date "2022.05.07"]
[Round "7.7"]
[White "Anderberg, Peter"]
[Black "Salenko, Vadim"]
[Result "1/2-1/2"]
[WhiteElo "1979"]
[BlackElo "2001"]
[PlyCount "61"]
[EventDate "2022.??.??"]

1. d4 e6 2. c4 d5 3. Nc3 Nf6 4. cxd5 exd5 5. Bg5 c6 6. Qc2 h6 7. Bh4 Nbd7 8. e3
Be7 9. Bd3 O-O 10. Nf3 Nh5 11. Bxe7 Qxe7 12. O-O-O g6 13. g4 Ng7 14. Rdg1 Re8
15. h4 b6 16. Kb1 a5 17. e4 Bb7 18. exd5 c5 19. dxc5 Nxc5 20. Bb5 Red8 21. Rd1
Qf6 22. Nd4 Rxd5 23. Nxd5 Bxd5 24. f3 Nge6 25. Nxe6 Qxe6 26. Rxd5 Qxd5 27. Bc4
Qc6 28. h5 Kg7 29. hxg6 Qxg6 30. Rh5 Qxc2+ 31. Kxc2 1/2-1/2

[Event "LLHH 2122 Hamburger SK IV - SK Marmstor"]
[Site "?"]
[Date "2022.05.07"]
[Round "7.8"]
[White "Reyes Mantilla, Andres Mauricio"]
[Black "Peschke, Andres"]
[Result "1-0"]
[WhiteElo "1579"]
[BlackElo "1920"]
[PlyCount "39"]
[EventDate "2022.??.??"]

1. d4 Nf6 2. c4 d6 3. Nc3 g6 4. e4 Bg7 5. Be2 Nbd7 6. Be3 c6 7. Qd2 h5 8. f3
Qa5 9. Nh3 Nf8 10. Nf2 Bd7 11. b4 Qc7 12. a4 e5 13. d5 N8h7 14. c5 cxd5 15.
exd5 O-O 16. Nfe4 dxc5 17. bxc5 a6 18. O-O Rad8 19. Rab1 Ne8 20. c6 1-0

[Event "LLHH 2122 Hamburger SK V - FC St. Pauli"]
[Site "?"]
[Date "2022.05.07"]
[Round "7.1"]
[White "Kahlert, Thomas"]
[Black "Czeremin, Claus"]
[Result "1/2-1/2"]
[WhiteElo "2148"]
[BlackElo "2025"]
[PlyCount "106"]
[EventDate "2022.??.??"]

1. d4 Nf6 2. Nf3 g6 3. g3 Bg7 4. Bg2 c5 5. c4 O-O 6. O-O cxd4 7. Nxd4 Nc6 8.
Nc3 d6 9. Nxc6 bxc6 10. Bxc6 Bh3 11. Bxa8 Qxa8 12. f3 Bxf1 13. Kxf1 Rc8 14. Qd3
e6 15. Bf4 d5 16. cxd5 Nxd5 17. Nxd5 exd5 18. Rd1 d4 19. Rc1 Rxc1+ 20. Bxc1 Qc6
21. Bf4 h6 22. Qe4 Qa4 23. Be5 Bxe5 24. Qxe5 Qd1+ 25. Kf2 Qd2 26. Qb8+ Kg7 27.
Qxa7 Qxb2 28. Qa6 d3 29. Qxd3 Qxa2 30. Qd4+ Kg8 31. h4 h5 32. g4 Qa5 33. Kg2
Qe1 34. Qd8+ Kg7 35. Qe7 Qa5 36. gxh5 Qxh5 37. Qg5 Qh8 38. Qe5+ f6 39. Qc7+ Kh6
40. Qf7 Qd8 41. Qe6 Qd4 42. Qe4 Qd6 43. Kh3 Qd1 44. Qe3+ Kh5 45. Kg2 Qa4 46. f4
Qd7 47. Qf3+ Qg4+ 48. Kf2 Kxh4 49. Qh1+ Qh3 50. Qxh3+ Kxh3 51. e3 Kg4 52. Kg2
g5 53. fxg5 Kxg5 {(=)} 1/2-1/2

[Event "LLHH 2122 Hamburger SK V - FC St. Pauli"]
[Site "?"]
[Date "2022.05.07"]
[Round "7.3"]
[White "Wronn, Bernd"]
[Black "Gerigk, Wolf"]
[Result "1-0"]
[WhiteElo "2155"]
[BlackElo "2007"]
[PlyCount "61"]
[EventDate "2022.??.??"]

1. Nf3 c5 2. c4 g6 3. d4 Bg7 4. e4 cxd4 5. Nxd4 b6 6. Nc3 Bb7 7. Be3 d6 8. Rc1
Nf6 9. f3 h5 10. Qd2 Nbd7 11. Be2 Rc8 12. O-O O-O 13. Bg5 Nc5 14. b4 Ne6 15.
Nxe6 fxe6 16. Nb5 Ra8 17. Rfd1 Qc8 18. Qe3 Rf7 19. c5 bxc5 20. bxc5 d5 21. c6
Ba6 22. Bxf6 Rxf6 23. c7 Rf8 24. exd5 Qb7 25. Qxe6+ Kh7 26. a4 Rae8 27. Rc6 Rf6
28. Qd7 Qc8 29. Qxc8 Bxc8 30. Nxa7 Rxc6 31. dxc6 1-0

[Event "LLHH 2122 Hamburger SK V - FC St. Pauli"]
[Site "?"]
[Date "2022.05.07"]
[Round "7.4"]
[White "Schulz, Wolfgang"]
[Black "Kluth, Carsten"]
[Result "0-1"]
[WhiteElo "2032"]
[BlackElo "2105"]
[PlyCount "202"]
[EventDate "2022.??.??"]

1. e4 c5 2. d4 cxd4 3. Nf3 e6 4. Nxd4 a6 5. Nc3 Qc7 6. a3 Nf6 7. Be2 Nc6 8. Be3
Be7 9. f4 d6 10. O-O Bd7 11. Kh1 O-O 12. g4 Nxd4 13. Qxd4 e5 14. Qd1 Bc6 15.
Bf3 exf4 16. Bxf4 Nd7 17. Nd5 Bxd5 18. exd5 Bf6 19. c3 Be5 20. Be3 Qc4 21. Qd2
Rae8 22. Be2 Qe4+ 23. Bf3 Bxc3 24. Bxe4 Bxd2 25. Bxh7+ Kxh7 26. Bxd2 Re5 27.
Bb4 Rxd5 28. Rad1 Rxd1 29. Rxd1 Nf6 30. Rxd6 Rc8 31. Bc3 Ne4 32. Rd7 Nxc3 33.
bxc3 f6 34. Rxb7 Rxc3 35. a4 Rc4 36. a5 Rc5 37. Kg2 Rxa5 38. Kg3 Kh6 39. Ra7
Ra1 40. Ra8 Ra3+ 41. Kf4 Kg6 42. h4 Ra4+ 43. Kf3 Kh6 44. Rh8+ Kg6 45. Ra8 Ra1
46. Kf4 Rf1+ 47. Kg3 Ra1 48. Kf4 Ra4+ 49. Kf3 a5 50. Ra7 Ra1 51. Kf4 Ra4+ 52.
Kf3 Ra1 53. Kf4 Rf1+ 54. Kg3 Rg1+ 55. Kf4 Ra1 56. Ra8 a4 57. Kf3 a3 58. Kg3 Kh6
59. Rh8+ Kg6 60. Ra8 a2 61. Kg2 Kf7 62. g5 Kg6 63. gxf6 Kxf6 64. Ra5 Ke6 65.
Kh2 Kd6 66. Kg2 Kc6 67. Ra8 Kb5 68. Kh2 Kc4 69. Kg2 Kd3 70. Ra7 Ke3 71. Ra4 Kd3
72. Ra8 Ke4 73. Ra4+ Kf5 74. Kh2 Kg6 75. Kg2 Kh5 76. Kh2 Rb1 77. Rxa2 Rb4 78.
Ra7 Rxh4+ 79. Kg3 Rg4+ 80. Kh3 Rg1 81. Kh2 Rg5 82. Kh3 Kh6 83. Kh4 Rb5 84. Ra6+
g6 85. Rc6 Rb4+ 86. Kg3 Kh5 87. Rc8 Rb3+ 88. Kf4 g5+ 89. Kf5 Rf3+ 90. Ke4 Rf7
91. Rh8+ Kg4 92. Rh1 Re7+ 93. Kd3 Kf3 94. Rf1+ Kg2 95. Rf5 g4 96. Rg5 g3 97.
Rg8 Kf2 98. Rf8+ Kg1 99. Rg8 g2 100. Rf8 Rh7 101. Ke2 Kh1 0-1

[Event "LLHH 2122 Hamburger SK V - FC St. Pauli"]
[Site "?"]
[Date "2022.05.07"]
[Round "7.5"]
[White "Goepfert, Jakob"]
[Black "Nugel, Karl-Heinz"]
[Result "1-0"]
[WhiteElo "2101"]
[BlackElo "2002"]
[PlyCount "55"]
[EventDate "2022.??.??"]

1. d4 Nf6 2. c4 g6 3. Nc3 d5 4. Nf3 Bg7 5. Qb3 dxc4 6. Qxc4 O-O 7. e4 a6 8. Be2
b5 9. Qd3 c5 10. dxc5 Bb7 11. e5 Nfd7 12. e6 fxe6 13. Ne4 Qc7 14. Qe3 Bd5 15.
O-O Nc6 16. Nc3 Nce5 17. Ng5 Qxc5 18. Qh3 h6 19. Nxe6 Bxe6 20. Qxe6+ Kh7 21.
Be3 Qd6 22. Qh3 Rf5 23. Ne4 Qc6 24. Ng3 Raf8 25. Nxf5 gxf5 26. Rac1 Qe4 27. Bd1
f4 28. Bc2 1-0

[Event "LLHH 2122 Hamburger SK V - FC St. Pauli"]
[Site "?"]
[Date "2022.05.07"]
[Round "7.6"]
[White "Emami, Madjid"]
[Black "Thieme, Daniel Otis"]
[Result "0-1"]
[WhiteElo "1971"]
[BlackElo "2013"]
[PlyCount "118"]
[EventDate "2022.??.??"]

1. Nf3 Nf6 2. c4 e6 3. g3 d5 4. b3 c5 5. cxd5 exd5 6. Bg2 Be7 7. Bb2 O-O 8. O-O
b6 9. d4 Bb7 10. e3 Nbd7 11. Qe2 Rc8 12. Rd1 Qc7 13. Nc3 Ne4 14. dxc5 Nxc3 15.
Bxc3 bxc5 16. Qb2 Bf6 17. Rd2 Rfe8 18. Rad1 Bxc3 19. Qxc3 Nf6 20. Rc2 Qb6 21.
Qb2 Qe6 22. h4 d4 23. exd4 Qg4 24. Rd3 Qf5 25. Rcd2 Be4 26. Re3 Nd5 27. Rxe4
Qxe4 28. Kh2 Nf6 29. Ne5 Qe1 30. Re2 Qd1 31. Rd2 Qh5 32. Bf3 Qf5 33. Kg2 cxd4
34. Nc6 d3 35. Qd4 Rc7 36. Qb4 h6 37. Nd4 Qc5 38. Qxc5 Rxc5 39. Nc6 Rc2 40.
Rxd3 Rxa2 41. Rd4 g6 42. Rb4 Re1 43. g4 Rb1 44. Rb7 Rbb2 45. Ne5 h5 46. Nxf7
hxg4 47. Nh6+ Kh8 48. Nf7+ Kh7 49. Ng5+ Kh6 50. Bc6 Rxf2+ 51. Kg3 Rac2 52. Nf7+
Kh5 53. Rb8 g5 54. hxg5 Kg6 55. gxf6 Kxf7 56. Bd5+ Kxf6 57. Rf8+ Ke5 58. Rxf2
Rxf2 59. Kxf2 Kxd5 0-1

[Event "LLHH 2122 Hamburger SK V - FC St. Pauli"]
[Site "?"]
[Date "2022.05.07"]
[Round "7.7"]
[White "Knecht, Guntram"]
[Black "Kleiner, Michael"]
[Result "1-0"]
[WhiteElo "2003"]
[BlackElo "2087"]
[PlyCount "79"]
[EventDate "2022.??.??"]

1. e4 d6 2. d4 Nf6 3. Nc3 g6 4. Bg5 h6 5. Be3 Bg7 6. f3 O-O 7. Qd2 Kh7 8. O-O-O
a6 9. g4 b5 10. g5 Ng8 11. gxh6 Bxh6 12. h4 f6 13. h5 g5 14. f4 gxf4 15. Bxf4
e5 16. Bxh6 Nxh6 17. Nf3 Bg4 18. Be2 Bxf3 19. Bxf3 Nc6 20. Ne2 Rg8 21. Rdg1 Qe8
22. Rg6 Rxg6 23. hxg6+ Qxg6 24. Qc3 Qe8 25. d5 Ne7 26. Qxc7 Qd8 27. Qc3 Qf8 28.
Rg1 Qc8 29. Qd2 f5 30. Qg5 Qf8 31. exf5 Neg8 32. Be4 Qf6 33. Qe3 Ne7 34. Ng3
Rg8 35. Rh1 Rg4 36. Nh5 Qg5 37. f6+ Ng6 38. Qxg5 Rxg5 39. f7 Nxf7 40. Nf4+ 1-0

[Event "LLHH 2122 Hamburger SK V - FC St. Pauli"]
[Site "?"]
[Date "2022.05.07"]
[Round "7.8"]
[White "Wolke, Reimund"]
[Black "Schleicher, Guido"]
[Result "0-1"]
[WhiteElo "1864"]
[BlackElo "2234"]
[PlyCount "140"]
[EventDate "2022.??.??"]

1. e4 c6 2. d4 d5 3. e5 c5 4. c3 cxd4 5. cxd4 Nc6 6. Nf3 e6 7. Be2 Be7 8. O-O
f6 9. Nc3 f5 10. Bb5 Bd7 11. Bxc6 Bxc6 12. Nd2 Nh6 13. Qh5+ Nf7 14. f4 g6 15.
Qd1 O-O 16. Nf3 Kh8 17. g3 b5 18. a3 a5 19. Be3 Qb6 20. Qb3 a4 21. Qd1 b4 22.
axb4 Qxb4 23. Rf2 a3 24. Qc2 Rfc8 25. bxa3 Rxa3 26. Rxa3 Qxa3 27. Qb2 Qa5 28.
Bd2 Qa7 29. Rf1 Rb8 30. Qa1 Qc7 31. Rb1 Rxb1+ 32. Qxb1 Bd7 33. Qb2 Nd8 34. Be3
Nb7 35. Kf2 Na5 36. Nd2 Kg7 37. h3 Kf7 38. Kf3 Nc4 39. Nxc4 dxc4 40. Qf2 Qb7+
41. Ke2 Qb2+ 42. Bd2 Bc6 43. g4 Qc2 44. Qe3 Bb4 45. d5 Bxd5 46. Qa7+ Be7 47.
Qd4 Bg2 48. Qxc4 Bxh3 49. g5 Bg4+ 50. Ke3 Qb2 51. Nb5 Qa1 52. Bc1 Qa5 53. Nd6+
Bxd6 54. exd6 Qe1+ 55. Kd4 Qd1+ 56. Kc5 Be2 57. Qc3 Qd5+ 58. Kb6 Qxd6+ 59. Qc6
Qb4+ 60. Ka7 Qa5+ 61. Kb8 Bb5 62. Qc7+ Qxc7+ 63. Kxc7 e5 64. fxe5 Ke6 65. Bf4
Kd5 66. Bg3 Ke4 67. Kd6 f4 68. Bh4 Kf5 69. e6 Kg4 70. Bf2 Kxg5 0-1

[Event "LLHH 2122 Hamburger SK VI - SV Diagonal"]
[Site "?"]
[Date "2022.05.07"]
[Round "7.1"]
[White "Fries-Nielsen, Jens Ove"]
[Black "Engel, Robert"]
[Result "1/2-1/2"]
[WhiteElo "2368"]
[BlackElo "2135"]
[PlyCount "39"]
[EventDate "2022.??.??"]

1. d4 Nf6 2. Nf3 d5 3. e3 c5 4. Be2 Nc6 5. O-O Bg4 6. Ne5 Bxe2 7. Qxe2 Qc7 8.
c3 e6 9. f4 Ne4 10. Nd2 g6 11. Nxe4 dxe4 12. Qc2 f6 13. Nc4 f5 14. a4 Rc8 15.
dxc5 Bxc5 16. b4 Be7 17. Bb2 Bf6 18. Rac1 Kf7 19. Rfd1 Rhd8 20. Qb3 1/2-1/2